书目信息 |
| 题名: |
我为什么要建造新国立体育场
|
|
| 作者: | 隈研吾 著 ;李达章, 译 | |
| 分册: | ||
| 出版信息: | 济南 山东人民出版社 2019.09 |
|
| 页数: | 224页 | |
| 开本: | 19cm | |
| 丛书名: | ||
| 单 册: | ||
| 中图分类: | TU245.4 | |
| 科图分类: | ||
| 主题词: | 体育场--ti yu chang--建筑设计--研究--日本 | |
| 电子资源: | ||
| ISBN: | 978-7-209-10998-7 | |
| 000 | 01180nam0 2200265 450 | |
| 001 | 2056741598 | |
| 005 | 20201107154547.81 | |
| 010 | @a978-7-209-10998-7@dCNY48.00 | |
| 100 | @a20191017d2019 em y0chiy50 ea | |
| 101 | 0 | @achi |
| 102 | @aCN@b370000 | |
| 105 | @aa z 000yy | |
| 200 | 1 | @a我为什么要建造新国立体育场@Awo wei shen me yao jian zao xin guo li ti yu chang@e建筑家·隈研吾的感悟@f隈研吾 |
| 210 | @a济南@c山东人民出版社@d2019.09 | |
| 215 | @a224页@c图 (部分彩图)@d19cm | |
| 314 | @a版权页题: 李达章译 | |
| 314 | @a隈研吾, 隈研吾建筑都市设计事务所代表, 东京大学教授。李达章, 1958年生于北京。1987年日本神户商科大学硕土毕业。 | |
| 330 | @a本书以2020年东京奥林匹克国立竞技场设计竞标为开端, 阐述了隈研吾对东京奥林匹克国立竞技场的设计理念, 对日本社会、建筑的未来是如何思考的以及人与建筑与自然的和谐共处。同时还着重阐明了现代建筑中采用“木制建筑”的重要性。 | |
| 517 | 1 | @a建筑家·隈研吾的感悟@Ajian zhu jia · wei yan wu de gan wu |
| 606 | 0 | @a体育场@Ati yu chang@x建筑设计@x研究@y日本 |
| 690 | @aTU245.4@v5 | |
| 701 | 0 | @a隈研吾@Awei yan wu@4著 |
| 702 | 0 | @a李达章,@Ali da zhang@f1958-@4译 |
| 801 | 0 | @aCN@b人天书店@c20200925 |
| 905 | @aZUCC@dTU245.4@eW504 | |
| 我为什么要建造新国立体育场:建筑家·隈研吾的感悟/隈研吾.-济南:山东人民出版社,2019.09 |
| 224页:图 (部分彩图);19cm |
| ISBN 978-7-209-10998-7:CNY48.00 |
| 本书以2020年东京奥林匹克国立竞技场设计竞标为开端, 阐述了隈研吾对东京奥林匹克国立竞技场的设计理念, 对日本社会、建筑的未来是如何思考的以及人与建筑与自然的和谐共处。同时还着重阐明了现代建筑中采用“木制建筑”的重要性。 |
| ● |
| 相关链接 |
|
|
|
正题名:我为什么要建造新国立体育场
索取号:TU245.4/W504
 
预约/预借
| 序号 | 登录号 | 条形码 | 馆藏地/架位号 | 状态 | 备注 |
| 1 | 1486090 | 214860907 | 建筑库101/101建筑库 105排1列4层/ [索取号:TU245.4/W504] | 在馆 | |
| 2 | 1486091 | 214860916 | 建筑库101/101建筑库 105排1列4层/ [索取号:TU245.4/W504] | 在馆 |